| 000 | 00592nam a2200217Ia 4500 | ||
|---|---|---|---|
| 003 | OSt | ||
| 005 | 20220918230505.0 | ||
| 006 | a|||||r|||| 00| 0 | ||
| 007 | ta | ||
| 008 | 220917b |||||||| |||| 00| 0 eng d | ||
| 024 | _a254,445 | ||
| 037 | _cTextual | ||
| 040 |
_aARTS _cARTS _beng |
||
| 041 |
_2eng _aeng |
||
| 082 | _aR4xN29,ME, N0 | ||
| 100 | _aMacintyre Alasdair | ||
| 245 | 0 |
_aThree rival versions of moral equiry _b Encyclopedia genealogy and tradition |
|
| 260 | _c1990 | ||
| 942 |
_hR4xN29,ME, N0 _cTEXL _2CC |
||
| 999 |
_c288203 _d288203 |
||